Дело о выкупе земельных наделов временнообязанными крестьянами М.П. Зиновьевой селений Авилова и Плосского Дмитровского уезда Ор...

Доступно только в Электронных читальных залах Найти на картеНа карте
RUSMARC
00004116nmc2a2200000 x 450
00126b4dcd6-baef-4ade-bd13-f88518b2187f
00520170913110943.0
100##$a20140326l18671868k l0rusy0189 ca
1010#$arus
102##$aRU
2001#$aДело о выкупе земельных наделов временнообязанными крестьянами М.П. Зиновьевой селений Авилова и Плосского Дмитровского уезда Орловской губернии
$j20 ноября 1867 г. - 26 марта 1868 г.
251##$cДело
300##$aДело
300##$aОриг. заголовок дела: Дело Зиновьевой М.П. Орловской губернии Дмитровского уезда селений Авилова и Плосского. 20 ноября 1867 г. - 26 марта 1868 г
801#0$aRU
$bРГИА
$c20140326
$gRCR
801#1$aRU
$bГлавНИВЦ
$c20140326
$2rusmarc
801#2$aRU
$bПБ им. Б.Н. Ельцина
$c20170913
$gRCR
$2rusmarc
850##$aРГИА
852##$aРГИА
$eФедеральное казенное учреждение "Российский государственный исторический архив" (РГИА)
$j633
937##$hРГИА
$d11017349
$aASBIBLIO_SCAN
462#0$10012327ab3a-0548-404e-b4cb-e37355ac5039
$12001
$a1863-1889 гг.
$1251
$cОпись
$1852
$j26
461#0$10018ef30ad5-ff5c-4840-a721-74c62a200f95
$12001
$aГлавное выкупное учреждение Министерства финансов
$1251
$cФонд
$1852
$j577
215##$a98 л.
$d36,5x26 см
371##$aДокумент не является опубликованным и широко распространяемым
105##$aу###
1222#$ad
5171#$aДело Зиновьевой М.П. Орловской губернии Дмитровского уезда селений Авилова и Плосского. 20 ноября 1867 г. - 26 марта 1868 г
035##$a26b4dcd6-baef-4ade-bd13-f88518b2187f
856##$uhttp://readingroom.main.prlib.ru/item.aspx?id_node=n104535595&mode=full
Формат отображения